Winners of The Great British Bake-Off - Statistics

General Stats
  • This quiz has been taken 8 times
  • The average score is 8 of 15
Answer Stats
Year Winner % Correct
2016 Candice Brown
71%
2017 Sophie Faldo
71%
2019 David Atherton
57%
2013 Frances Quinn
57%
2021 Giuseppe dell'Anno
57%
2023 Matty Edgell
57%
2015 Nadiya Hussain
57%
2018 Rahul Mandal
57%
2010 Edd Kimber
43%
2024 Georgie Grasso
43%
2011 Joanne Wheatley
43%
2012 John Whaite
43%
2014 Nancy Birtwhistle
43%
2020 Peter Sawkins
43%
2022 Syabira Yusoff
43%
No matching quizzes found
Score Distribution
Percent of People with Each Score
Percentile by Number Answered
Your Score History
You have not taken this quiz